LEADER 01381nam a2200277 i 4500 001 000000149132 003 CaOOAMICUS 005 20060327000000.0 008 060327s2006 gw u000 u ger u 013 $a126450 020 $a3-11-018528-8 040 $aSeMil$bita 100 1 $aBusch, Peter.$0(OLS)http://semarc/name/58933 245 14$aDas Testament Salomos :$bdie älteste christliche Dämonologie, kommentiert und in deutscher Erstübersetzung /$cPeter Busch. 260 $aBerlin ; New York :$bDe Gruyter,$c2006. 300 $aXII, 322 p. ;$c25 cm. 490 0 $aTexte und Untersuchungen zur Geschichte der altchristlichen Literatur ;$vBand153 500 $aContiene : Literaturverzeichnis. 650 4$aSalomone - Testamento - Commentari.$0(OLS)http://semarc/subject/29125 830 0$aTexte und Untersuchungen zur Geschichte der altchristlichen Literatur ;$vBand153.$0(OLS)http://semarc/title/199 850 $aSeMil 852 $aSeMil$W1$xVenegono$y1$m2U IV 250$j101434$B101434$CSeMilBibl$Z2$F110063 $81 961 $aSottoscrizione: Herder 996 $6020$a3-11-018528-8$9(OLS)http://semarc/number/138187 996 $6245$aDas Testament Salomos :$bdie älteste christliche Dämonologie, kommentiert und in deutscher Erstübersetzung$9(OLS)http://semarc/title/218008 996 $6260$aBerlin ; New York :$bDe Gruyter$9(OLS)http://semarc/publisher/29892 LEADER 00620nam a2200181 i 4500 001 000000251813 003 CaOOAMICUS 005 20161202000000.0 008 161202s1847 it u000 u fre u 013 $a230718 040 $aSeMil$bita 245 10$aTome 2. 300 $a428 p. 773 0 $aMatter, Jacques <1791-1864>$tDe l'état moral, politique et littéraire de l'Allemagne.$dParis : Amyot, pref. 1847.$g2$w()33500 850 $aSeMil 852 $aSeMil$W1$xVenegono$y1$m3M II 62 FA$j202159$B202159$CSeMilBibl$Z2$F214793 $8I 961 $aRecupero: Mantegazza 996 $6245$aTome 2$9(OLS)http://semarc/title/1533 LEADER 02237nam a2200421 4500 001 000000350873 003 CaOOAMICUS 005 20220708124923.0 008 220708s1624 sz 000 u lat r 026 $asar- i.s' o-am **** (3) 1624 (R) 040 $aSeMil$bita 041 1 $alat$agrc 100 01$aPindarus,$d.$0(OLS)http://semarc/name/6172 245 10$aPindari Olympia, Pythia, Nemea, Isthmia. Caeterorum octo lyricorum carmina, Alcaei, Anacreontis, Sapphus, Bacchylidis, Stesichori, Simonidis, Ibyci, Alcmanis, nonnulla etiam aliorum. 250 $aEditio VI. Graecolatina H. Stefa. recognitione quorundam interpretationis locorum, & accessione lyricorum carminum locupletata 264 1$aEbroduni :$bex Societatis Heluet. Cald.,$c1624. 300 $a684 p. ;$c8° 500 $aA c. 2B3r inizia con proprio front.: Carminum poetarum nouem, lyricae poeseos principum fragmenta 500 $aSegn.: A-2V8 700 1 $aEstienne, Henri,$d<1528-1598>.$0(OLS)http://semarc/name/679 700 0 $aIbycus.$0(OLS)http://semarc/name/116168 700 0 $aAlcman.$0(OLS)http://semarc/name/116167 700 0 $aSappho,$d.$0(OLS)http://semarc/name/75805 700 0 $aBacchylides.$0(OLS)http://semarc/name/60116 700 0 $aStesichorus.$0(OLS)http://semarc/name/116166 700 1 $aAlcaeus.$0(OLS)http://semarc/name/65896 700 0 $aSimonides.$0(OLS)http://semarc/name/60117 710 2 $aSociété caldorienne$c.$0(OLS)http://semarc/name/112589 730 02$aOlympia.$0(OLS)http://semarc/title/440684 730 02$aPythia.$0(OLS)http://semarc/title/440683 730 02$aNemea.$0(OLS)http://semarc/title/432550 730 02$aIsthmia.$0(OLS)http://semarc/title/440682 752 $ach$dYverdon-les-Bains 850 $aSeMil 852 $aSeMil$W1$xVenegono$y1$m2ZB IX 36 FA$j233531$B241937$CSeMilBibl$Z2$F241937 $8I 996 $6245$aPindari Olympia, Pythia, Nemea, Isthmia. Caeterorum octo lyricorum carmina, Alcaei, Anacreontis, Sapphus, Bacchylidis, Stesichori, Simonidis, Ibyci, Alcmanis, nonnulla etiam aliorum$9(OLS)http://semarc/title/440681 996 $6264$aEbroduni :$bex Societatis Heluet. Cald.$9(OLS)http://semarc/publisher/60498